[Event "89th ch-ARG 2014"]
[Site "Saenz Pena ARG"]
[Date "2014.07.14"]
[Round "7.3"]
[White "Slipak, Sergio"]
[Black "Iermito, Sebastian"]
[Result "0-1"]
[WhiteTitle "GM"]
[BlackTitle "IM"]
[WhiteElo "2452"]
[BlackElo "2475"]
[WhiteFideId "100250"]
[BlackFideId "114286"]
[EventDate "2014.07.09"]

1. e4 c5 2. Nf3 Nc6 3. Bb5 g6 4. O-O Bg7 5. c3 Nf6 6. Re1 O-O 7. h3 Qb6 8. Na3
d5 9. e5 Ne8 10. d3 Nc7 11. Ba4 Qa6 12. Bf4 b5 13. Bc2 Ne6 14. Bg3 Bh6 15. Nb1
b4 16. Nbd2 bxc3 17. bxc3 Rb8 18. Nb3 c4 19. dxc4 dxc4 20. Nbd4 Rd8 21. Be4 Bb7
22. Qc2 Ncxd4 23. cxd4 Bxe4 24. Rxe4 Rbc8 25. Rd1 Rd5 26. Nh2 c3 27. f4 Rb5 28.
Ree1 Rb2 29. Qe4 Qxa2 30. Ng4 Bg7 31. Ne3 c2 32. Rc1 Qa4 33. Nd5 Bf8 34. Bf2 Rc4
35. f5 gxf5 36. Qxf5 Rxd4 37. Bxd4 Qxd4+ 38. Ne3 Bh6 39. Qf2 Rb1 40. Qg3+ Kf8
41. Rxb1 cxb1=Q 42. Rxb1 Qxe3+ 43. Qxe3 Bxe3+ 44. Kf1 Kg7 45. Rb7 Bc5 46. g4 a5
47. Rb5 Bb4 48. Kf2 Nd4 49. Rb6 e6 50. Ke3 Nf5+ 51. Ke4 Ne7 52. Ra6 Nd5 53. Kd4
Bc3+ 54. Ke4 Ne7 55. h4 Ng6 56. Rc6 Bb4 57. h5 Nf8 58. Rc7 h6 59. Ra7 Nh7 60.
Ra6 Ng5+ 61. Ke3 Bc3 62. Ra8 Bxe5 63. Rxa5 Kf6 64. Ra8 Bh2 65. Rh8 Kg7 66. Ra8
Nh7 67. Ra2 Be5 68. Ke4 Bf6 69. Ra8 Bg5 70. Kf3 Nf6 71. Ra1 e5 72. Kg3 e4 73.
Ra5 Nd7 74. Rd5 Nf8 75. Re5 e3 76. Kf3 Ne6 77. Re4 Kf6 78. Ra4 Ke5 79. Ra5+ Kd6
80. Ra6+ Kd5 81. Ra5+ Nc5 82. Ra1 Nb3 0-1

[Event "89th ch-ARG 2014"]
[Site "Saenz Pena ARG"]
[Date "2014.07.14"]
[Round "7.4"]
[White "Felgaer, Ruben"]
[Black "Manzone, Alessandro"]
[Result "1-0"]
[WhiteTitle "GM"]
[WhiteElo "2549"]
[BlackElo "2317"]
[WhiteFideId "107069"]
[BlackFideId "112488"]
[EventDate "2014.07.09"]

1. e4 c5 2. Nf3 e6 3. d4 cxd4 4. Nxd4 a6 5. Nc3 Qc7 6. Bd3 Nf6 7. O-O Nc6 8.
Nxc6 dxc6 9. f4 Bc5+ 10. Kh1 e5 11. Qf3 Ng4 12. f5 h5 13. Bd2 b5 14. a4 Bb7 15.
Nd1 Rd8 16. Qg3 Kf8 17. h3 Rd7 18. b4 Bd4 19. Ra3 Nf6 20. Qh4 Rh7 21. axb5 cxb5
22. Nc3 Qc6 23. Re1 Qd6 24. Rb3 Qb6 25. Nd1 Qc6 26. Bg5 Rc7 27. Rb1 Qd6 28. Ne3
Rc3 29. Nf1 Qb6 30. Re2 Rc8 31. Nd2 Qd6 32. Nf3 Bc3 33. Rb3 Nd7 34. Bd2 Bxd2 35.
Rxd2 Qb6 36. c4 Bc6 37. c5 Qb7 38. Bc2 Rh6 39. Rbd3 Re8 40. Rd6 Nf6 41. Ng5 Re7
42. Bb3 Qc7 43. Bxf7 Rxf7 44. Ne6+ Ke8 45. Nxc7+ Rxc7 46. Re2 1-0

[Event "89th ch-ARG 2014"]
[Site "Saenz Pena ARG"]
[Date "2014.07.14"]
[Round "7.5"]
[White "Pichot, Alan"]
[Black "Mahia, Gustavo"]
[Result "1-0"]
[WhiteTitle "IM"]
[BlackTitle "IM"]
[WhiteElo "2424"]
[BlackElo "2366"]
[WhiteFideId "110973"]
[BlackFideId "100439"]
[EventDate "2014.07.09"]

1. e4 e6 2. Nf3 d5 3. Nc3 Nf6 4. e5 Nfd7 5. d4 c5 6. dxc5 Bxc5 7. Bd3 Nc6 8. Bf4
Be7 9. h4 a6 10. h5 b5 11. a3 Bb7 12. Qd2 Rc8 13. Ne2 Qc7 14. Qe3 Nb6 15. h6 g6
16. Bg5 Bxg5 17. Qxg5 Nd7 18. O-O-O Ncxe5 19. Nfd4 f6 20. Qe3 Nc5 21. Kb1 Kf7
22. f4 Nexd3 23. cxd3 Rhe8 24. Rhf1 Kg8 25. Rc1 Qd6 26. Nf3 a5 27. g4 b4 28. g5
bxa3 29. gxf6 axb2 30. Rc2 Nd7 31. f7+ Kxf7 32. Qd4 Ke7 33. Rxb2 Ba6 34. Ne5 Rb8
35. Rc1 Rxb2+ 36. Kxb2 Rc8 37. Nxg6+ hxg6 38. Rxc8 Bxc8 39. h7 e5 40. fxe5 Qb8+
41. Ka2 1-0

[Event "89th ch-ARG 2014"]
[Site "Saenz Pena ARG"]
[Date "2014.07.14"]
[Round "7.6"]
[White "Perez Ponsa, Federico"]
[Black "Villanueva, Mario"]
[Result "1-0"]
[WhiteTitle "GM"]
[BlackTitle "IM"]
[WhiteElo "2521"]
[BlackElo "2413"]
[WhiteFideId "117927"]
[BlackFideId "113433"]
[EventDate "2014.07.09"]

1. d4 Nf6 2. c4 g6 3. Nc3 Bg7 4. e4 d6 5. Nf3 O-O 6. Be2 e5 7. O-O Na6 8. Be3
Ng4 9. Bg5 Qe8 10. h3 h6 11. Bh4 Nf6 12. Bxf6 Bxf6 13. c5 exd4 14. Nd5 Bg7 15.
Bxa6 bxa6 16. Nxc7 Qxe4 17. Nxa8 Qxa8 18. Rc1 dxc5 19. Rxc5 Rd8 20. Re1 Qb7 21.
Qa4 Be6 22. b3 Bf8 23. Qc6 Qb4 24. Rcc1 Rd6 25. Qe4 Rd8 26. Red1 Bc5 27. Qh4 Bb6
28. Qxh6 d3 29. Ng5 Qf4 30. Qh7+ Kf8 31. Nxe6+ fxe6 32. Rf1 d2 33. Rcd1 g5 34.
Qh8+ Kf7 35. Qc3 Rd5 36. g3 Qd6 37. Kg2 Rd3 38. Qc4 Rd4 39. Qe2 Kg7 40. Qf3 e5
41. Qf5 Kh6 42. h4 g4 43. f3 Qd5 44. h5 1-0

[Event "89th ch-ARG 2014"]
[Site "Saenz Pena ARG"]
[Date "2014.07.14"]
[Round "7.7"]
[White "Mareco, Sandro"]
[Black "Lorenzini, Martin"]
[Result "1-0"]
[WhiteTitle "GM"]
[WhiteElo "2592"]
[BlackElo "2488"]
[WhiteFideId "112275"]
[BlackFideId "105570"]
[EventDate "2014.07.09"]

1. d4 d5 2. c4 e6 3. Nf3 Nf6 4. g3 Bb4+ 5. Bd2 Bd6 6. Bg2 Nc6 7. O-O dxc4 8. Bg5
Rb8 9. Nc3 O-O 10. Qa4 Nb4 11. Ne5 h6 12. Bxf6 gxf6 13. Nxc4 Bd7 14. Qb3 Be7 15.
d5 b5 16. Ne3 c5 17. a3 c4 18. Qd1 Nxd5 19. Ncxd5 exd5 20. Qxd5 Qc8 21. Rad1 Be6
22. Qh5 Kg7 23. Rd4 Qc5 24. Rd5 Qc8 25. Rfd1 b4 26. Be4 Rd8 27. Rxd8 Bxd8 28.
Bf5 Qc5 29. axb4 Qe5 30. Ng4 Qxf5 31. Qxh6+ Kg8 32. Rxd8+ Rxd8 33. Nxf6+ Qxf6
34. Qxf6 Rb8 35. h4 1-0

[Event "89th ch-ARG 2014"]
[Site "Saenz Pena ARG"]
[Date "2014.07.15"]
[Round "8.1"]
[White "Alonso, Salvador"]
[Black "Lorenzini, Martin"]
[Result "1/2-1/2"]
[WhiteTitle "GM"]
[WhiteElo "2508"]
[BlackElo "2488"]
[WhiteFideId "105198"]
[BlackFideId "105570"]
[EventDate "2014.07.09"]

1. e4 d6 2. d4 Nf6 3. Nc3 e5 4. Nf3 Nbd7 5. Bc4 Be7 6. O-O O-O 7. Re1 c6 8. a4
a5 9. h3 Nb6 10. Ba2 Nfd7 11. dxe5 dxe5 12. Be3 Qc7 13. Ng5 Bxg5 14. Bxg5 Nc5
15. Be3 Nbxa4 16. Nxa4 Nxa4 17. Bb3 b5 18. Bxa4 bxa4 19. Rxa4 Be6 20. Qa1 c5 21.
b3 Rfd8 22. Qc3 c4 23. Rea1 f6 24. bxc4 Qc6 25. c5 Rdb8 26. f3 Rb5 27. Rxa5
Raxa5 28. Rxa5 Rxa5 29. Qxa5 Kf7 30. Qa7+ Bd7 31. Qb6 h5 32. h4 Be8 33. Kf2 Bd7
34. Ke1 Qa4 35. Qb3+ Kg6 36. Kf2 Qc6 37. Kg3 Be6 38. Qd3 Kf7 39. Qd6 Bd7 40. Bd2
Qc8 41. Ba5 Bc6 42. Bd8 Qd7 43. Kf2 Qb7 44. Ke3 Kg6 45. Kf2 Kf7 46. Bc7 Qa8 47.
Bb6 Qa4 48. Kg3 Qa8 49. Qc7+ Kg6 50. Qe7 Qa1 51. Qe6 Qe1+ 52. Kh2 Qxh4+ 53. Qh3
Qf4+ 54. Qg3+ Kf7 55. Qxf4 exf4 56. Bc7 g5 57. e5 h4 58. Bd8 fxe5 59. Bxg5 Kg6
60. Bxh4 e4 61. fxe4 Bxe4 62. Kg1 Kf5 63. Kf2 Bc6 64. Be7 Bb7 65. Bd6 Bc6 66.
Bc7 Ke4 67. Bd6 Kf5 1/2-1/2

[Event "89th ch-ARG 2014"]
[Site "Saenz Pena ARG"]
[Date "2014.07.15"]
[Round "8.3"]
[White "Mahia, Gustavo"]
[Black "Perez Ponsa, Federico"]
[Result "0-1"]
[WhiteTitle "IM"]
[BlackTitle "GM"]
[WhiteElo "2366"]
[BlackElo "2521"]
[WhiteFideId "100439"]
[BlackFideId "117927"]
[EventDate "2014.07.09"]

1. d4 Nf6 2. c4 g6 3. Nc3 Bg7 4. e4 d6 5. Nf3 O-O 6. Be2 e5 7. O-O Nc6 8. d5 Ne7
9. b4 a5 10. Ba3 axb4 11. Bxb4 Re8 12. a4 Bf8 13. Qc2 c5 14. Ba3 Bg7 15. Rfb1
Rf8 16. Rb3 Nd7 17. Bb2 h6 18. Nb5 Ra6 19. Nd2 f5 20. exf5 Nxf5 21. Ne4 Nd4 22.
Nxd4 exd4 23. Rf1 Ne5 24. h3 g5 25. Ng3 Qe8 26. Ra3 Qg6 27. Qb3 g4 28. hxg4 Nxg4
29. Bc1 h5 30. f4 Ne3 31. Bxe3 dxe3 32. Nxh5 Bh3 33. g3 Rf5 34. Qb1 Bxf1 0-1

[Event "89th ch-ARG 2014"]
[Site "Saenz Pena ARG"]
[Date "2014.07.15"]
[Round "8.4"]
[White "Manzone, Alessandro"]
[Black "Pichot, Alan"]
[Result "0-1"]
[BlackTitle "IM"]
[WhiteElo "2317"]
[BlackElo "2424"]
[WhiteFideId "112488"]
[BlackFideId "110973"]
[EventDate "2014.07.09"]

1. d4 Nf6 2. c4 c5 3. d5 b5 4. cxb5 a6 5. bxa6 g6 6. Nc3 Bxa6 7. g3 Bg7 8. Bg2
d6 9. Nf3 Nbd7 10. Rb1 O-O 11. O-O Qa5 12. Bd2 Rfb8 13. a4 Qc7 14. b3 Rb6 15.
Ne1 Rab8 16. Nd3 Ng4 17. b4 cxb4 18. Nb5 Bxb5 19. axb5 Rxb5 20. Rxb4 Nge5 21.
Rxb5 Rxb5 22. Nb4 Nb6 23. Qc1 Qd7 24. Qc2 Bf6 25. Rc1 Kg7 26. h3 Rc5 27. Qd1 Qb5
28. Rxc5 dxc5 29. Nc6 c4 30. Bf4 Nbd7 31. Bxe5 Bxe5 32. Nxe7 Nc5 33. d6 c3 34.
d7 Nxd7 35. Nc6 Bf6 36. Qc2 Nc5 37. Be4 Qc4 38. Bf3 Nb3 39. Be4 Nd2 40. Bg2 Qxe2
41. Nb4 Qe1+ 42. Kh2 Qxf2 43. Qd3 Be5 44. Nc2 Bxg3+ 45. Kh1 Be5 46. Qd5 Qf4 47.
Kg1 Nc4 48. Qd3 Qc1+ 49. Kf2 Qd2+ 50. Qxd2 cxd2 51. Bf3 Nb2 0-1

[Event "89th ch-ARG 2014"]
[Site "Saenz Pena ARG"]
[Date "2014.07.15"]
[Round "8.5"]
[White "Iermito, Sebastian"]
[Black "Felgaer, Ruben"]
[Result "0-1"]
[WhiteTitle "IM"]
[BlackTitle "GM"]
[WhiteElo "2475"]
[BlackElo "2549"]
[WhiteFideId "114286"]
[BlackFideId "107069"]
[EventDate "2014.07.09"]

1. e4 c5 2. Nf3 Nc6 3. Nc3 g6 4. Bb5 Bg7 5. O-O d6 6. d3 Bd7 7. a4 a6 8. Bc4 e6
9. Bf4 Qc7 10. Qd2 h6 11. h4 Nge7 12. Rfe1 Ne5 13. Nxe5 dxe5 14. Be3 b6 15. Ne2
Nc6 16. c3 Na5 17. b4 Nb7 18. Rec1 Qd6 19. Rcb1 Bf6 20. Qb2 Bxh4 21. bxc5 Nxc5
22. Qxb6 Be7 23. Qxd6 Bxd6 24. Rb6 Ke7 25. Bxc5 Bxc5 26. Rxa6 Rxa6 27. Bxa6 Ra8
28. Bc4 Rxa4 29. Rxa4 Bxa4 30. d4 exd4 31. cxd4 Bb6 32. Bd3 Bc6 33. g3 h5 34. f4
Kf6 35. Kf2 Kg7 36. Ke3 Kh6 37. Ng1 f6 38. Nf3 g5 39. fxg5+ fxg5 40. Ne5 Bb7 41.
Nf7+ Kg6 42. Ne5+ Kg7 43. Bc4 Bc8 44. Nf3 Kf6 45. Ne5 Bc7 46. Be2 g4 47. Kf4 Bd7
48. Bc4 Ba4 49. Be2 Be8 50. Bd3 Bd6 51. Be2 Ba4 52. Bd3 Be8 53. Be2 Be7 54. Bd3
Bd6 55. Be2 Bf8 56. Ke3 Bh6+ 57. Kf2 Bd2 58. Nc4 Bc3 59. Ke3 Kg5 60. Nd6 Bg6 61.
e5 Be1 62. Bc4 Bxg3 63. Bxe6 h4 64. Nf7+ Kh5 65. Bd5 h3 66. e6 Bh4 67. Ne5 Be8
68. Nd3 Bg5+ 69. Kf2 Kh4 70. Ne5 g3+ 71. Kg1 Be3+ 72. Kh1 Kh5 73. Nc4 Bxd4 74.
Nd6 g2+ 75. Bxg2 hxg2+ 76. Kxg2 Bc6+ 77. Kh3 Bc5 78. Nf5 Kg5 79. Ng3 Bd6 80. Ne2
Be5 81. e7 Bd7+ 82. Kg2 Kf6 83. e8=N+ Bxe8 84. Kf3 Bc7 85. Ke3 Ke5 86. Nc3 Bc6
87. Kd3 Ba5 88. Kc4 Bg2 89. Nb5 Bd5+ 90. Kd3 Bb7 91. Kc4 Be1 92. Kc5 Bf2+ 93.
Kc4 Ba6 94. Kb4 Bc8 95. Kc4 Be6+ 96. Kd3 Bh3 97. Kc4 Bf1+ 98. Kb4 Be1+ 99. Kc5
Bf2+ 100. Kb4 Ke4 101. Nc3+ Kd4 102. Kb3 Bh4 103. Nd1 Kc5 104. Ne3 Bh3 105. Kc3
Bc8 106. Kd3 Bb7 107. Nf5 Bg5 108. Ne3 Bf3 109. Nc4 Bh5 110. Ne5 Kd5 111. Nc4
Bg6+ 112. Kc3 Bf6+ 113. Kb4 Bd4 114. Nd2 Bf2 115. Kb3 Kd4 116. Nf3+ Ke4 117.
Nd2+ Kd3 118. Nf1 Bf7+ 119. Kb2 Bd4+ 120. Kc1 0-1

[Event "89th ch-ARG 2014"]
[Site "Saenz Pena ARG"]
[Date "2014.07.15"]
[Round "8.6"]
[White "Obregon, Andres Carlos"]
[Black "Slipak, Sergio"]
[Result "1/2-1/2"]
[WhiteTitle "IM"]
[BlackTitle "GM"]
[WhiteElo "2502"]
[BlackElo "2452"]
[WhiteFideId "111724"]
[BlackFideId "100250"]
[EventDate "2014.07.09"]

1. e4 e5 2. Nf3 Nc6 3. d4 exd4 4. Nxd4 Nf6 5. Nxc6 bxc6 6. e5 Ne4 7. Bd3 Nc5 8.
Be2 d5 9. O-O Be7 10. Nd2 O-O 11. Nf3 Ne6 12. c4 d4 13. Qc2 f5 14. exf6 Bxf6 15.
Bd3 h6 16. c5 Kh8 17. Bd2 a5 18. Rfe1 Qd5 19. Rac1 Ba6 20. Bc4 Bxc4 21. Qxc4
Rfe8 22. b3 Qf5 23. Re2 Nf4 24. Bxf4 Qxf4 25. Rce1 Rxe2 26. Rxe2 Qf5 27. Ne1 Qb1
28. Qc2 Qa1 29. g3 a4 30. bxa4 Qc3 31. Nd3 Qxc2 32. Rxc2 Rxa4 33. Kf1 Kg8 34.
Rb2 Kf7 35. Rb7 Ke6 36. Nf4+ Kd7 37. Rb2 Ra3 38. Rd2 Rc3 39. Nh5 Rc4 40. Ke2 Ke6
41. Nf4+ Ke5 42. Rb2 Ra4 43. h4 g5 44. hxg5 hxg5 45. Nd3+ Kd5 46. g4 Be7 47. Rc2
Bf8 48. f3 Be7 49. Kd2 Bf6 50. Rb2 Be7 51. Rc2 Bf6 52. Rb2 1/2-1/2

[Event "89th ch-ARG 2014"]
[Site "Saenz Pena ARG"]
[Date "2014.07.15"]
[Round "8.7"]
[White "Real De Azua, Ernesto"]
[Black "Liascovich, Lucas"]
[Result "1/2-1/2"]
[WhiteTitle "IM"]
[BlackTitle "IM"]
[WhiteElo "2443"]
[BlackElo "2478"]
[WhiteFideId "108154"]
[BlackFideId "108634"]
[EventDate "2014.07.09"]

1. d4 d5 2. c4 c6 3. Nf3 Nf6 4. Nc3 e6 5. e3 Nbd7 6. Qc2 Bd6 7. Bd3 dxc4 8. Bxc4
O-O 9. O-O a6 10. a4 c5 11. Rd1 cxd4 12. exd4 Qc7 13. Qe2 Re8 1/2-1/2

[Event "89th ch-ARG 2014"]
[Site "Saenz Pena ARG"]
[Date "2014.07.15"]
[Round "9.1"]
[White "Liascovich, Lucas"]
[Black "Alonso, Salvador"]
[Result "0-1"]
[WhiteTitle "IM"]
[BlackTitle "GM"]
[WhiteElo "2478"]
[BlackElo "2508"]
[WhiteFideId "108634"]
[BlackFideId "105198"]
[EventDate "2014.07.09"]

1. d4 d5 2. c4 c6 3. cxd5 cxd5 4. Nc3 Nf6 5. Bf4 Nc6 6. e3 a6 7. Bd3 Bg4 8. Nge2
e6 9. Rc1 Bxe2 10. Bxe2 Be7 11. Qb3 Ra7 12. O-O O-O 13. Na4 Nd7 14. Rfd1 Qa5 15.
a3 Rc8 16. Rc2 b5 17. Nc5 Nxc5 18. dxc5 Bf6 19. Bd6 Rb7 20. h3 g6 21. a4 Ra8 22.
Ra1 Raa7 23. Bf1 bxa4 24. Qxa4 Qxa4 25. Rxa4 a5 26. Ra2 Rb3 27. Rd2 a4 28. Re2
Nb4 29. Ra3 Rxb2 30. c6 Nxc6 31. Ra2 Rxa2 32. Rxa2 Be7 33. Bb5 Bxd6 34. Bxc6 a3
35. e4 Be5 0-1

[Event "89th ch-ARG 2014"]
[Site "Saenz Pena ARG"]
[Date "2014.07.15"]
[Round "9.2"]
[White "Slipak, Sergio"]
[Black "Real De Azua, Ernesto"]
[Result "0-1"]
[WhiteTitle "GM"]
[BlackTitle "IM"]
[WhiteElo "2452"]
[BlackElo "2443"]
[WhiteFideId "100250"]
[BlackFideId "108154"]
[EventDate "2014.07.09"]

1. d4 Nf6 2. Nf3 e6 3. g3 b5 4. Bg2 d5 5. O-O Bd6 6. b3 Bb7 7. c4 bxc4 8. bxc4
dxc4 9. Qa4+ Nbd7 10. Qxc4 O-O 11. Nc3 c5 12. Rd1 Rc8 13. Bb2 cxd4 14. Qxd4 Bc5
15. Qd2 Bxf2+ 16. Kxf2 Rxc3 17. Qd4 Rc7 18. Kg1 Bd5 19. Re1 Qb8 20. Rac1 Rfc8
21. Rxc7 Rxc7 22. Qf4 h6 23. Qd6 Rc4 24. Bd4 Qb4 25. Qxb4 Rxb4 26. Bxa7 Ra4 27.
Bd4 Rxa2 28. Bf1 Bc4 29. Kf2 Ne4+ 30. Ke3 Bd5 31. Ne5 Ndf6 32. Bg2 Nd6 33. Bxd5
Nxd5+ 34. Kf3 f6 35. Nc6 Ra3+ 36. Kg2 Nf5 37. Rb1 Ra6 38. Rb8+ Kh7 39. Nb4 Nxb4
40. Rxb4 h5 41. Bf2 Kg6 42. Rb7 Nd6 43. Rc7 Nf7 44. Bc5 Ra2 45. Kf2 Rc2 46. Bd6
Rxc7 47. Bxc7 Kf5 48. Bb6 Ke4 49. Bc5 g5 50. h3 f5 51. Be7 g4 52. hxg4 hxg4 53.
Bc5 Ne5 54. Ba7 Nc6 55. Bb6 Ne7 56. Ba7 Nd5 57. Bc5 Nc3 58. Ba7 Nb5 59. Bb6 Na3
60. Bc5 Nc4 61. Ba7 Na5 62. Bb6 Nc6 63. Bc5 Nd4 64. Ba7 e5 65. Bb8 Nb5 66. Kg2
f4 67. Kf2 Nc3 68. gxf4 exf4 69. Ba7 Nd1+ 70. Ke1 Ne3 71. Kf2 Nf5 72. Bb6 Nd4
73. Ba7 Nb5 74. Bb6 Nc3 75. Ba7 g3+ 76. Kf1 Kf5 77. Bd4 Nd5 78. Kg2 Kg4 79. Be5
Nb4 80. Bd4 Na2 81. Bb2 Nb4 82. Bd4 Nc6 83. Bc3 Ne7 84. Be5 Nf5 85. Kg1 Ne3 86.
Bc7 Nd5 87. Be5 Kh3 88. Bd4 g2 89. Be5 Kg3 90. Bd4 Ne7 91. Be5 Ng6 92. Bf6 Kh3
93. Bd8 f3 94. exf3 Ne5 0-1

[Event "89th ch-ARG 2014"]
[Site "Saenz Pena ARG"]
[Date "2014.07.15"]
[Round "9.3"]
[White "Felgaer, Ruben"]
[Black "Obregon, Andres Carlos"]
[Result "1-0"]
[WhiteTitle "GM"]
[BlackTitle "IM"]
[WhiteElo "2549"]
[BlackElo "2502"]
[WhiteFideId "107069"]
[BlackFideId "111724"]
[EventDate "2014.07.09"]

1. e4 c5 2. Nf3 e6 3. d4 cxd4 4. Nxd4 Nf6 5. Nc3 d6 6. Be2 Be7 7. O-O O-O 8. f4
Nc6 9. Kh1 Qc7 10. Be3 Nxd4 11. Bxd4 a6 12. e5 Nd7 13. Bd3 dxe5 14. fxe5 Bc5 15.
Bxh7+ Kxh7 16. Qh5+ Kg8 17. Ne4 Bxd4 18. Ng5 Qxc2 19. Rxf7 Nxe5 20. Qh8+ 1-0

[Event "89th ch-ARG 2014"]
[Site "Saenz Pena ARG"]
[Date "2014.07.15"]
[Round "9.4"]
[White "Pichot, Alan"]
[Black "Iermito, Sebastian"]
[Result "1/2-1/2"]
[WhiteTitle "IM"]
[BlackTitle "IM"]
[WhiteElo "2424"]
[BlackElo "2475"]
[WhiteFideId "110973"]
[BlackFideId "114286"]
[EventDate "2014.07.09"]

1. e4 c6 2. d4 d5 3. e5 Bf5 4. Nd2 e6 5. Nb3 c5 6. dxc5 Bxc5 7. Nxc5 Qa5+ 8. c3
Qxc5 9. Qa4+ Nc6 10. Nf3 Ne7 11. Bb5 a6 12. Nd4 O-O 13. Bxc6 Nxc6 14. Nxf5 exf5
15. Be3 Qc4 16. Qxc4 dxc4 17. f4 Rad8 18. Rd1 Rxd1+ 19. Kxd1 f6 20. exf6 Rxf6
21. Kc2 1/2-1/2

[Event "89th ch-ARG 2014"]
[Site "Saenz Pena ARG"]
[Date "2014.07.15"]
[Round "9.5"]
[White "Perez Ponsa, Federico"]
[Black "Manzone, Alessandro"]
[Result "1/2-1/2"]
[WhiteTitle "GM"]
[WhiteElo "2521"]
[BlackElo "2317"]
[WhiteFideId "117927"]
[BlackFideId "112488"]
[EventDate "2014.07.09"]

1. d4 Nf6 2. c4 e6 3. g3 Bb4+ 4. Bd2 a5 5. Bg2 d5 6. Nf3 O-O 7. O-O b6 8. Ne5
Bb7 9. Nc3 Nbd7 10. Bg5 Be7 11. Qa4 Nxe5 12. dxe5 Ne4 13. Bxe7 Qxe7 14. Nxe4
dxe4 15. Qc2 a4 16. Bxe4 Bxe4 17. Qxe4 Qb4 18. Rab1 Rad8 19. Rfc1 Rd2 20. Rc2 a3
21. Rxd2 Qxd2 22. Qd3 Qxd3 23. exd3 Rd8 24. bxa3 Rxd3 25. c5 Rxa3 26. cxb6 cxb6
27. Rxb6 g5 28. Rb2 Kg7 29. h3 Kg6 30. Re2 h5 31. Kg2 g4 32. h4 Rd3 33. Kf1 Rd1+
34. Re1 Rd5 35. a4 Kf5 36. Ra1 Ra5 37. Ke2 Ke4 38. Ra3 Kd4 39. Kd2 Kc4 40. Rc3+
Kd4 41. Ra3 Kc4 42. Rc3+ Kd4 43. Rc7 Rxa4 44. Rxf7 Ra2+ 45. Ke1 Ra5 46. Rg7
Rxe5+ 47. Kd2 Rf5 48. Ke2 Re5+ 49. Kf1 Rf5 50. Rg6 Ke5 1/2-1/2

[Event "89th ch-ARG 2014"]
[Site "Saenz Pena ARG"]
[Date "2014.07.15"]
[Round "9.6"]
[White "Mareco, Sandro"]
[Black "Mahia, Gustavo"]
[Result "1-0"]
[WhiteTitle "GM"]
[BlackTitle "IM"]
[WhiteElo "2592"]
[BlackElo "2366"]
[WhiteFideId "112275"]
[BlackFideId "100439"]
[EventDate "2014.07.09"]

1. d4 d5 2. c4 e6 3. Nf3 Nf6 4. g3 c5 5. cxd5 exd5 6. Nc3 Nc6 7. Bg2 Be7 8. O-O
O-O 9. dxc5 Bxc5 10. Na4 Be7 11. Be3 Re8 12. Rc1 Bg4 13. h3 Bh5 14. Nd4 Nxd4 15.
Bxd4 Bf8 16. Bf3 Bxf3 17. exf3 Nd7 18. Qb3 Qa5 19. Rfd1 b5 20. Nc3 Ne5 21. Nxd5
Rad8 22. Nc7 Re7 23. Bxe5 Rxd1+ 24. Rxd1 Rxe5 25. Rd7 Rf5 26. g4 Rf6 27. Nxb5 h5
28. Kg2 hxg4 29. hxg4 a6 30. Nc3 Qb6 31. Nd5 1-0

[Event "89th ch-ARG 2014"]
[Site "Saenz Pena ARG"]
[Date "2014.07.16"]
[Round "10.1"]
[White "Alonso, Salvador"]
[Black "Villanueva, Mario"]
[Result "0-1"]
[WhiteTitle "GM"]
[BlackTitle "IM"]
[WhiteElo "2508"]
[BlackElo "2413"]
[WhiteFideId "105198"]
[BlackFideId "113433"]
[EventDate "2014.07.09"]

1. e4 e5 2. Nf3 Nf6 3. Nxe5 d6 4. Nf3 Nxe4 5. Nc3 Nxc3 6. dxc3 Be7 7. Bf4 O-O 8.
Qd2 Nd7 9. O-O-O Nc5 10. Be3 Re8 11. Bc4 Be6 12. Bxe6 Nxe6 13. h4 Qd7 14. Qd3
Qc6 15. Ng5 Nf8 16. Qf5 Bxg5 17. Qxg5 Qe4 18. Rd4 Qe5 19. Rc4 Ne6 20. Qxe5 dxe5
21. Rd1 Red8 22. Rxd8+ Rxd8 23. Rb4 b6 24. Ra4 Ra8 25. b4 f5 26. f3 Kf7 27. c4
Ke7 28. c5 bxc5 29. b5 c6 30. c4 cxb5 31. cxb5 Kd7 32. Kd2 Nc7 33. Bxc5 Nxb5 34.
Ra6 Rc8 35. Be3 Rc6 36. Rxc6 Kxc6 37. a4 Nd4 38. f4 Nb3+ 39. Kc3 Nc5 40. Kb4
Nd3+ 41. Kc4 Nxf4 42. Bxa7 Nxg2 43. h5 g5 44. Bb8 e4 45. Kd4 e3 46. Kd3 f4 47.
h6 f3 0-1

[Event "89th ch-ARG 2014"]
[Site "Saenz Pena ARG"]
[Date "2014.07.16"]
[Round "10.2"]
[White "Mahia, Gustavo"]
[Black "Lorenzini, Martin"]
[Result "1-0"]
[WhiteTitle "IM"]
[WhiteElo "2366"]
[BlackElo "2488"]
[WhiteFideId "100439"]
[BlackFideId "105570"]
[EventDate "2014.07.09"]

1. e4 d6 2. d4 Nf6 3. f3 d5 4. e5 Nfd7 5. f4 c5 6. Nf3 Nc6 7. Nc3 cxd4 8. Nxd4
e6 9. Be3 Bc5 10. Qd2 Nxd4 11. Bxd4 Bxd4 12. Qxd4 Qb6 13. O-O-O Qxd4 14. Rxd4
Ke7 15. Be2 Nb8 16. Rd3 Bd7 17. Rg3 g6 18. Rd1 Bc6 19. Bd3 Nd7 20. Ne2 Rac8 21.
Nd4 a6 22. Re3 Nc5 23. c3 Bd7 24. Bc2 Ba4 25. b3 Bc6 26. Kb2 h5 27. g3 Nd7 28.
Bd3 Nc5 29. Bc2 Nd7 30. Re2 Rc7 31. Rde1 Rcc8 32. Rf2 Rc7 33. h3 Rcc8 34. Ref1
Rcg8 35. a4 Rc8 36. a5 Rc7 37. b4 Rhc8 38. Rc1 g5 39. h4 gxh4 40. gxh4 Rg8 41.
Bd1 Rg3 42. Bxh5 Rc8 43. Bf3 Rh3 44. Rh1 Rxh1 45. Bxh1 f6 46. exf6+ Kxf6 47. Bf3
Rh8 48. h5 Ba4 49. Rg2 Nf8 50. Kc1 Be8 51. Kd2 Bxh5 52. Rh2 Kg6 53. Ke3 Rh6 54.
f5+ exf5 55. Bxh5+ Rxh5 56. Rxh5 Kxh5 57. Nxf5 Kg5 58. Nd6 Ne6 59. Nxb7 Kf5 60.
Nc5 Nc7 61. Kd4 Kf6 62. Nxa6 1-0

[Event "89th ch-ARG 2014"]
[Site "Saenz Pena ARG"]
[Date "2014.07.16"]
[Round "10.3"]
[White "Manzone, Alessandro"]
[Black "Mareco, Sandro"]
[Result "1/2-1/2"]
[BlackTitle "GM"]
[WhiteElo "2317"]
[BlackElo "2592"]
[WhiteFideId "112488"]
[BlackFideId "112275"]
[EventDate "2014.07.09"]

1. d4 Nf6 2. c4 e6 3. Nc3 Bb4 4. g3 c5 5. Nf3 Bxc3+ 6. bxc3 Qa5 7. Qd3 b6 8. Bg2
Bb7 9. d5 exd5 10. cxd5 Bxd5 11. O-O O-O 12. Bg5 c4 13. Qf5 Bc6 1/2-1/2

[Event "89th ch-ARG 2014"]
[Site "Saenz Pena ARG"]
[Date "2014.07.16"]
[Round "10.4"]
[White "Iermito, Sebastian"]
[Black "Perez Ponsa, Federico"]
[Result "1/2-1/2"]
[WhiteTitle "IM"]
[BlackTitle "GM"]
[WhiteElo "2475"]
[BlackElo "2521"]
[WhiteFideId "114286"]
[BlackFideId "117927"]
[EventDate "2014.07.09"]

1. c4 Nf6 2. Nc3 g6 3. g3 Bg7 4. Bg2 O-O 5. e4 c5 6. d3 Nc6 7. Nge2 d6 8. O-O
Bg4 9. f3 Bd7 10. Be3 Ne8 11. Qd2 Nc7 12. d4 cxd4 13. Nxd4 Nxd4 14. Bxd4 Bxd4+
15. Qxd4 Ne6 16. Qe3 1/2-1/2